000 02143cam a2200433 i 4500
001 21711867
003 BJBSDDR
005 20240409121721.0
007 ta
008 180124s2022 nyu b 001 0 eng
010 _a 2020039762
020 _a9780593182734
020 _a0593182731
040 _aDLC
_beng
_erda
_cBJBSDDR
_dDLC
041 _aeng
042 _apcc
050 1 4 _aQH 311
_bZ72l 2022
082 0 0 _a570
100 1 _aZimmer, Carl,
_d1966-
_921010
245 1 0 _aLife's edge :
_bthe search for what it means to be alive /
_cCarl Zimmer.
260 _aNew York :
_bDutton, an imprint of Penguin Random House LLC,
_c2022.
300 _axx, 348 pages ;
_c24 cm.
336 _atext
_btxt
_2rdacontent
337 _aunmediated
_bn
_2rdamedia
338 _avolume
_bnc
_2rdacarrier
504 _aIncludes bibliographical references and index.
505 0 _aIntroduction: The borderland The quickening, The way the spirit comes to the bones ; Death is resisted The hallmarks. Dinner ; Decisive matter ; Preserving constant the conditions of life ; Copy/Paste ; Darwin's lung A series of dark questions. This astonishing multiplication ; Irritations ; The sect ; This mud was actually alive ; A play of water ; Scripts Return to the borderland. Half life ; Data needed for a blueprint ; No obvious bushes ; Four blue droplets
520 _a"We all assume we know what life is, but the more scientists learn about the living world-from protocells to brains, from zygotes to pandemic viruses-the harder they find it is to locate life's edge"--
_cProvided by publisher.
650 0 _aLife sciences.
650 4 _aCiencias de la vida
_935129
650 0 _aLife (Biology)
650 4 _aVida (Biología)
_935130
650 4 _aBiología
_96122
776 0 8 _iOnline version:
_aZimmer, Carl,
_tLife's edge
_dNew York : Dutton, Penguin Random House, 2021.
_z9780593182727
_w(DLC) 2020039763
906 _a7
_bcbc
_corignew
_d1
_eecip
_f20
_gy-gencatlg
942 _2lcc
_cBK
946 _irmza
999 _c120513
_d120513